| 000 | 00773cam a2200277 a 4500 | ||
|---|---|---|---|
| 001 | 4475918 | ||
| 003 | PAU | ||
| 005 | 20220918175246.0 | ||
| 008 | 910509s1985 cg b 000 0 fre | ||
| 010 | _a87210521 | ||
| 035 | _a(OCoLC)17389236 | ||
| 035 | _a(OCoLC)ocm17389236 | ||
| 035 | _a(NNC)4475918 | ||
| 040 |
_aDLC _cDLC _dDLC _dCStRLIN _dNNUT |
||
| 041 | 1 |
_afre _hita |
|
| 090 |
_aBX2183 _b.A4314 1985 |
||
| 100 | 1 |
_aAlberione, James, _d1884-1971. |
|
| 245 | 1 | 0 |
_aPensées / _cJacques Alberione. |
| 260 |
_aLubumbashi [Zaïre] : _bEditions Saint-Paul Afrique, _c[1985] |
||
| 300 |
_a95 p. ; _c18 cm. |
||
| 500 | _aTranslation of: Pensieri. | ||
| 504 | _aIncludes bibliographical references (p. 93-95). | ||
| 650 | 0 | _aMeditations. | |
| 942 |
_2ddc _cBK |
||
| 999 |
_c6 _d6 |
||